Poemas

Uloženo v:
Podrobná bibliografie
Hlavní autor: Nervo, Amado
Médium: Kniha
Jazyk:Undetermined
Vydáno: París, Francia Librería de la Vda. de Ch. Bouret 1912
Témata:
Tagy: Přidat tag
Žádné tagy, Buďte první, kdo vytvoří štítek k tomuto záznamu!

MARC

LEADER 00000nam a2200000Ia 4500
008 170316s9999 xx 000 0 und d
040 |a cru BVZT 
090 |a 860 N-6po 
100 |a Nervo, Amado 
245 |a Poemas 
260 |a París, Francia 
260 |b Librería de la Vda. de Ch. Bouret 
260 |c 1912 
300 |a 190 páginas 
650 |a LITERATURA LATINOAMERICANA 
999 |c 9027  |d 9027 
942 |c 15 D  |h 860 N-6po  |2 z